Investice do indexových akcií
ETF (Exchange Traded Funds) - patria medzi moderné investičné nástroje. Jedná sa o fondy, s ktorými sa obchoduje na burzách. Ceny fondov sú naviazané na podkladové aktíva - väčšinou akciové indexy. Vďaka tomu sa môžu investori podieľať na vývoji vybraných akciových trhov. História obchodovania s ETF...
Na minha lista:
| Autor principal: | |
|---|---|
| Formato: | Capítulo de Livro |
| Idioma: | tcheco |
| Assuntos: | |
| Tags: |
Sem tags, seja o primeiro a adicionar uma tag!
|
MARC
| LEADER | 00000naa$a2200000$$$4500 | ||
|---|---|---|---|
| 001 | 0085767 | ||
| 005 | 20230804111016.7 | ||
| 041 | 0 | |a cze | |
| 044 | |a CZ | ||
| 245 | 1 | 0 | |a Investice do indexových akcií |c Radim Gottwald |
| 520 | |a ETF (Exchange Traded Funds) - patria medzi moderné investičné nástroje. Jedná sa o fondy, s ktorými sa obchoduje na burzách. Ceny fondov sú naviazané na podkladové aktíva - väčšinou akciové indexy. Vďaka tomu sa môžu investori podieľať na vývoji vybraných akciových trhov. História obchodovania s ETF, obchodovanie dnes. Typy indexových akcií. Porovnanie ETF s klasickými podielovými fondami. | ||
| 610 | 2 | 0 | |a fondy podielové |
| 610 | 2 | 0 | |a akcie |
| 610 | 2 | 0 | |a burzovníctvo |
| 610 | 2 | 0 | |a nástroje investičné |
| 100 | 1 | |a Gottwald, Radim | |